000 00263nam a2200109Ia 4500
008 240625s9999 xx 000 0 und d
041 _aeng
082 _a658.404 SCH
100 _aSCHWALBE KATHY
245 _aPROJECT MANAGEMENT SIMULATION SOFTWARE
260 _c2006
999 _c34352
_d34352